000 00335nam a2200121 a 4500
005 20140414131855.0
008 100901s19uu xx 00 eng d
050 _aFIL
_bT59 2009
100 _aSta. Maria, Felice
245 _aTominaman sa Rogong becomes a painter.
260 _aManila, Philippines :
_bAdarna,
_c2009.
999 _c110423
_d110423